U.S. National Park Locations - Statistics

General Stats
  • This quiz has been taken 25 times
    10 since last reset
  • The average score is 43 of 56
Answer Stats
Hint Answer % Correct
Denali Alaska
100%
Gates of the Arctic Alaska
100%
Grand Canyon Arizona
100%
Sequoia California
100%
Joshua Tree California
100%
Redwood California
100%
Yosemite California
100%
Everglades Florida
100%
Hawaii Volcanoes Hawaii
100%
Acadia Maine
100%
Isle Royale Michigan
100%
Glacier Montana
100%
Big Bend Texas
100%
Arches Utah
100%
Zion Utah
100%
Shenandoah Virginia
100%
Olympic Washington
100%
Mount Rainier Washington
100%
Petrified Forest Arizona
88%
Hot Springs Arkansas
88%
Channel Islands California
88%
Rocky Mountain Colorado
88%
Haleakala Hawaii
88%
Mammoth Cave Kentucky
88%
Crater Lake Oregon
88%
Badlands South Dakota
88%
North Cascades Washington
88%
Grand Teton Wyoming
88%
Glacier Bay Alaska
75%
Kenai Fjords Alaska
75%
American Samoa American Samoa
75%
Kings Canyon California
75%
Dry Tortugas Florida
75%
Carlsbad Caverns New Mexico
75%
Theodore Roosevelt North Dakota
75%
Canyonlands Utah
75%
Virgin Islands Virgin Islands
75%
Kobuk Valley Alaska
63%
Mesa Verde Colorado
63%
Great Sand Dunes Colorado
63%
Biscayne Florida
63%
Great Basin Nevada
63%
Cuyahoga Valley Ohio
63%
Congaree South Carolina
63%
Bryce Canyon Utah
63%
Katmai Alaska
50%
Pinnacles California
50%
Lassen Volcanic California
50%
Lake Clark Alaska
38%
Wrangell-St. Elias Alaska
38%
Saguaro Arizona
38%
Black Canyon of the Gunnison Colorado
38%
Voyageurs Minnesota
38%
Wind Cave South Dakota
38%
Guadalupe Mountains Texas
38%
Capitol Reef Utah
38%
No matching quizzes found
Score Distribution
Percent of People with Each Score
Percentile by Number Answered
Your Score History
You have not taken this quiz since the last reset